000 00628nab a2200193 4500
001 244442
003 OSt
005 20260115135745.0
007 tu
008 260115s2020|||||||
040 _aDE-2950
_cDE-2950
245 0 0 _aTrauer um früheren Stadtarchitekten
_bNachruf. Er prägte zu DDR-Zeiten das Gesicht der Stadt Frankfurt wie kaum ein anderer. Jetzt ist Manfred Vogler verstorben/
_cJörg Kotterba
264 _c2025
653 _aFrankfurt (Oder)
653 _aManfred Vogler
653 _aNachruf
773 0 _g37. Jahrgang (2026) Nr. 10 vom 13.01.2026 , S. 16 mit Foto
_tMärkische Oderzeitung
942 _2z
_cA
999 _c374205
_d374205